| 000 | 00865nmm a2200277 a 4500 | ||
|---|---|---|---|
| 003 | AR-BaBNM | ||
| 005 | 20251128210101.0 | ||
| 008 | 159019s1998 ||||||||||||||000 | spa|| | ||
| 020 | _a950-701-496-9 | ||
| 040 | _cAR-BaBNM | ||
| 100 | 1 | _aRozenblum de Horowitz, Sara | |
| 245 | 1 | 0 |
_aMediación en la escuela _bresolución de conflictos en el ámbito educativo adolescente |
| 250 | _a1ª ed. | ||
| 260 |
_aBuenos Aires _bAique _c1998 |
||
| 300 | 0 |
_a320 p. _e1 video |
|
| 500 | 0 | _aContiene referencias bibliográficas y un glosario | |
| 500 | 1 | _aSolicitar el material complementario en Mediateca no. 702488, 702489, 702490 | |
| 650 | 4 | _aADOLESCENTES | |
| 650 | 4 | _aSOLUCION DE CONFLICTOS | |
| 650 | 4 | _aACTIVIDADES | |
| 650 | 4 | _aCOMUNICACION | |
| 650 | 4 | _aPROBLEMAS DE LA COMUNICACION | |
| 653 | 0 | _aMEDIACION ESCOLAR | |
| 942 | _cBK | ||
| 998 | _cRaquel | ||
| 999 |
_c13969 _d13969 |
||